The snow dog / (Record no. 7006)

MARC details
000 -LEADER
fixed length control field 01177cam a22003613a 4500
001 - CONTROL NUMBER
control field 7006
003 - CONTROL NUMBER IDENTIFIER
control field FISKH
005 - DATE AND TIME OF LATEST TRANSACTION
control field 20250617104104.0
008 - FIXED-LENGTH DATA ELEMENTS--GENERAL INFORMATION
fixed length control field 040908s2004 nyua j 000 1 eng d
010 ## - LIBRARY OF CONGRESS CONTROL NUMBER
LC control number 2004557913
020 ## - INTERNATIONAL STANDARD BOOK NUMBER
International Standard Book Number 0439585597 (pbk.)
040 ## - CATALOGING SOURCE
Original cataloging agency XWS
Transcribing agency XWS
Modifying agency OCLCQ
-- DLC
Language of cataloging eng
050 ## - LIBRARY OF CONGRESS CALL NUMBER
Classification number PZ7
082 ## - DEWEY DECIMAL CLASSIFICATION NUMBER
Classification number 565
100 1# - MAIN ENTRY--PERSONAL NAME
Personal name Marsoli, Lisa Ann,
Dates associated with a name 1958-
245 14 - TITLE STATEMENT
Title The snow dog /
Statement of responsibility, etc. by Lisa Ann Marsoli ; illustrated by Steve Haefele.
260 ## - PUBLICATION, DISTRIBUTION, ETC.
Place of publication, distribution, etc. New York :
Name of publisher, distributor, etc. Scholastic,
Date of publication, distribution, etc. 2004.
300 ## - PHYSICAL DESCRIPTION
Extent 32 pages :
Other physical details color illustrations ;
Dimensions 23 cm
440 #0 - SERIES STATEMENT/ADDED ENTRY--TITLE
Title Clifford the big red dog
440 #0 - SERIES STATEMENT/ADDED ENTRY--TITLE
Title Big red reader
500 ## - GENERAL NOTE
General note "Based on the Scholastic book series Clifford the big red dog by Norman Bridwell."
505 ## - FORMATTED CONTENTS NOTE
Formatted contents note E<br/>
520 ## - SUMMARY, ETC.
Summary, etc. Emily Elizabeth makes a snow dog. Clifford does too! Will they win an award for their snow art?
521 8# - TARGET AUDIENCE NOTE
Target audience note 270<br/>
Source Lexile estimate<br/>
521 8# - TARGET AUDIENCE NOTE
Target audience note E<br/>
Source Raz-Plus<br/>
650 #1 - SUBJECT ADDED ENTRY--TOPICAL TERM
Topical term or geographic name entry element Dogs
Form subdivision Fiction.
650 #1 - SUBJECT ADDED ENTRY--TOPICAL TERM
Topical term or geographic name entry element Snow
Form subdivision Fiction.
650 #1 - SUBJECT ADDED ENTRY--TOPICAL TERM
Topical term or geographic name entry element Snow sculpture
Form subdivision Fiction.
700 1# - ADDED ENTRY--PERSONAL NAME
Personal name Haefele, Steve,
Relator term illustrator
906 ## - LOCAL DATA ELEMENT F, LDF (RLIN)
a 7
b cbc
c copycat
d 2
e ncip
f 20
g y-gencatlg
942 ## - ADDED ENTRY ELEMENTS (KOHA)
Source of classification or shelving scheme Dewey Decimal Classification
Koha item type Books
Suppress in OPAC No
Holdings
Withdrawn status Lost status Source of classification or shelving scheme Damaged status Not for loan Collection Home library Current library Shelving location Date acquired Total Checkouts Full call number Barcode Date last seen Copy number Price effective from Koha item type
    Dewey Decimal Classification     Juvenile Fiction Footprints International School Library Network Toul Kork Campus Footprints International School Library Network Toul Kork Campus TK Primary Library Room(4th Floor), Bookcase 7, Shelves 57-60, Dark Green Books 06/17/2025   MAR 565 PZ7 FISBK01664 06/17/2025 1 06/17/2025 Books